000 00539nam a2200181Ia 4500
001 16922
005 20260306170346.0
008 260306t2013||||xx |||||||||||||| ||und||
041 _aESP
082 _a657.3
_bI61 P. A
100 _aInternational Financial Reporting Standards
_eAUT
245 0 _aInternational Financial Reporting Standards:
_brequired for annual reporting periods beginning on 1 January 2014
260 _c2013
300 _aA1354 páginas :
_c25 cm.
650 _aGEN
654 _aCCO
942 _cLIB
_dJUS
_fJUS
_2ddc
_n
999 _c16922
_d16922